| 000 -CABECERA |
| Longitud fija campo de control |
01176cam a2200361 a 4500 |
| 001 - NÚMERO DE CONTROL |
| Número de control |
991042769869706706 |
| 003 - IDENTIFICADOR DEL NÚMERO DE CONTROL |
| Identificador del número de control |
OSt |
| 005 - FECHA Y HORA DE LA ÚLTIMA TRANSACCIÓN |
| Fecha y hora de la última transacción |
20211209104535.0 |
| 008 - CÓDIGOS DE INFORMACIÓN DE LONGITUD FIJA |
| Códigos de información de longitud fija |
120327s2012 sp ||||g |||||0|| 0dcat|c |
| 015 ## - NÚMERO DE BIBLIOGRAFÍA NACIONAL |
| Número de bibliografía nacional |
LL2012 |
| Fuente |
bnc |
| 017 ## - NÚMERO DE COPYRIGHT O DE DEPÓSITO LEGAL |
| Número de copyright o de depósito legal |
DL B. 6862-2012 |
| Agencia que asigna el número |
Biblioteca de Catalunya |
| 020 ## - NÚMERO INTERNACIONAL NORMALIZADO PARA LIBROS |
| Número Internacional Normalizado para Libros (ISBN) |
9788483306857 |
| 035 ## - NÚMERO DE CONTROL DEL SISTEMA |
| Número de control del sistema |
(ES-BaCBU)b52552731-34csuc_network |
| 035 ## - NÚMERO DE CONTROL DEL SISTEMA |
| Número de control del sistema |
(ES-BaCBU).b52552731 |
| 035 ## - NÚMERO DE CONTROL DEL SISTEMA |
| Número de control del sistema |
(ccuc001)b52552731 |
| 040 ## - FUENTE DE LA CATALOGACIÓN |
| Centro catalogador de origen |
ES-BaCBU |
| Lengua de catalogación |
cat |
| Centro transcriptor |
CDMR |
| Centro modificado |
ES-BaBC |
| 043 ## - CÓDIGO DE ÁREA GEOGRÁFICA |
| Código de área geográfica |
a-ja--- |
| 080 ## - NÚMERO DE LA CLASIFICACIÓN DECIMAL UNIVERSAL |
| Número de la Clasificación Decimal Universal |
504.054:621.311.25 |
| 100 1# - PUNTO DE ACCESO PRINCIPAL-NOMBRE DE PERSONA |
| Nombre de persona |
Caelles, Lluís |
| 245 10 - MENCIÓN DE TÍTULO |
| Título |
Fukushima : |
| Resto del título |
crònica d'un tsunami nuclear / |
| Mención de responsabilidad, etc. |
Lluís Caelles ; Sergi Vicente |
| 260 ## - PUBLICACIÓN, DISTRIBUCIÓN, ETC. (PIE DE IMPRENTA) |
| Lugar de publicación, distribución, etc. |
Barcelona : |
| Nombre del editor, distribuidor, etc. |
Viena Edicions, |
| Fecha de publicación, distribución, etc. |
2012 |
| 300 ## - DESCRIPCIÓN FÍSICA |
| Extensión |
194 p. ; |
| Dimensiones |
23 cm |
| 490 1# - MENCIÓN DE SERIE |
| Mención de serie |
Carta blanca ; |
| Designación de volumen o secuencia |
23 |
| 650 #7 - PUNTO DE ACCESO ADICIONAL DE MATERIA - TÉRMINO DE MATERIA |
| Término de materia o nombre geográfico como elemento inicial |
Fukushima, Accident nuclear de, Japó, 2011 |
| Fuente del encabezamiento o término |
lemac |
| 650 #0 - PUNTO DE ACCESO ADICIONAL DE MATERIA - TÉRMINO DE MATERIA |
| Término de materia o nombre geográfico como elemento inicial |
Centrals nuclears |
| Subdivisión de materia general |
Accidents |
| Subdivisión geográfica |
Japó |
| Fuente del encabezamiento o término |
lemac |
| 9 (RLIN) |
4464 |
| 650 #7 - PUNTO DE ACCESO ADICIONAL DE MATERIA - TÉRMINO DE MATERIA |
| Término de materia o nombre geográfico como elemento inicial |
Tsunamis |
| Subdivisión geográfica |
Japó. |
| Fuente del encabezamiento o término |
lemac |
| 700 1# - PUNTO DE ACCESO ADICIONAL - NOMBRE DE PERSONA |
| Nombre de persona |
Vicente, Sergi, |
| 830 #0 - PUNTO DE ACCESO ADICIONAL DE SERIE - TÍTULO UNIFORME |
| Título uniforme |
Carta blanca (Viena (Firma)) ; |
| Designación de volumen o secuencia |
23 |
| 907 ## - ELEMENTO G DATOS LOCALES, GDL (RLIN) |
| a |
.b52552731 |
| b |
17-02-21 |
| c |
27-03-12 |
| d |
28-03-12 |
| e |
m |
| f |
a |
| g |
- |
| h |
cat |
| i |
sp |
| j |
0 |
| k |
0 |
| 908 ## - CONTROL DE PARÁMETROS (RLIN) |
| Parametro de comando lanzado |
CasaAsia |
| -- |
BC |
| 940 ## - |
| T&íacute;tulo uniforme |
<a href="BC">BC</a> |
| 942 ## - ENTRADA DE ELEMENTOS AGREGADOS (KOHA) |
| Fuente de clasificaión o esquema |
|
| Koha [por defecto] tipo de item |
Monografies |